000 00336nam a2200133Ia 4500
008 230312s9999||||xx |||||||||||||| ||und||
082 _a610
_bHAS-N
100 _aحکیم محمد حسن قریشی
245 0 _aنقوشِ طبّ
260 _bقریشی پبلیکشنز
_apak
_c2007
300 _a937
650 _aTIBB
942 _cBK
999 _c13796
_d13796